Every Teammate of Giannis Antetokounmpo Quiz - Statistics

General Stats
  • This quiz has been taken 53 times
    5 since last reset
  • The average score is 23 of 147
Answer Stats
GP Answer % Correct
469 Brook Lopez
100%
131 Damian Lillard
100%
193 Jrue Holiday
100%
735 Khris Middleton
100%
102 Kyle Kuzma
100%
82 Robin Lopez
100%
6 Alex Antetokounmpo
75%
406 Bobby Portis
75%
68 Kevin Porter Jr.
75%
440 Pat Connaughton
75%
106 Taurean Prince
75%
230 Thanasis Antetokounmpo
75%
242 A.J. Green
50%
176 Donte DiVincenzo
50%
48 Gary Harris
50%
139 Gary Trent Jr.
50%
138 Grayson Allen
50%
50 Jae Crowder
50%
14 | 67 Jericho Sims
50%
71 Myles Turner
50%
20 P.J. Tucker
50%
2 Rayjon Tucker
50%
133 Ryan Rollins
50%
168 Wesley Matthews
50%
7 A.J. Johnson
25%
172 Andre Jackson Jr.
25%
8 Chris Johnson
25%
11 Cormac Ryan
25%
17 DeMarcus Cousins
25%
243 Ersan Ilyasova
25%
18 Gary Payton II
25%
183 Jabari Parker
25%
6 Jason Smith
25%
7 Jaylen Adams
25%
101 Jevon Carter
25%
1 Justin Jackson
25%
11 Kenyon Martin
25%
58 Kyle Korver
25%
79 Malik Beasley
25%
17 Marvin Williams
25%
56 Michael Beasley
25%
79 Michael Carter-Williams
25%
30 Ousmane Dieng
25%
53 Pete Nance
25%
35 Serge Ibaka
25%
3 Terrence Jones
25%
229 Tony Snell
25%
23 Tyler Smith
25%
30 Amir Coffey
0%
10 Axel Toupane
0%
8 Bonzie Colson
0%
14 Brandon Jennings
0%
124 Brandon Knight
0%
70 Bryn Forbes
0%
47 Cameron Payne
0%
18 Cam Thomas
0%
34 Caron Butler
0%
24 Chris Copeland
0%
42 Chris Livingston
0%
13 Christian Wood
0%
8 Chris Wright
0%
35 Cole Anthony
0%
20 Damien Inglis
0%
17 Danilo Gallinari
0%
8 DeAndre' Bembry
0%
31 DeAndre Liggins
0%
26 Delon Wright
0%
37 D.J. Augustin
0%
3 D.J. Stephens
0%
119 D.J. Wilson
0%
7 Dragan Bender
0%
42 Ekpe Udoh
0%
1 Elijah Bryant
0%
210 Eric Bledsoe
0%
9 Frank Mason III
0%
30 Gary Neal
0%
195 George Hill
0%
9 Georgios Kalaitzakis
0%
7 Goran Dragic
0%
170 Greg Monroe
0%
23 Greivis Vasquez
0%
4 Isaiah Canaan
0%
5 Jamaree Bouyea
0%
4 Jared Cunningham
0%
72 Jared Dudley
0%
125 Jason Terry
0%
1 Javin DeLaurier
0%
13 Javonte Smart
0%
4 Jaylen Morris
0%
28 Jeff Adrien
0%
1 Jeff Dowtin
0%
21 Jeff Teague
0%
129 Jerryd Bayless
0%
46 Joe Ingles
0%
6 Joel Bolomboy
0%
342 John Henson
0%
100 Johnny O'Bryant
0%
130 Jordan Nwora
0%
20 Jorge Gutierrez
0%
17 Justin Robinson
0%
28 Kendall Marshall
0%
3 Langston Galloway
0%
50 Larry Sanders
0%
13 Liam Robbins
0%
29 Lindell Wigginton
0%
1 Luke Kornet
0%
36 Luke Ridnour
0%
187 Malcolm Brogdon
0%
14 Mamadi Diakite
0%
126 MarJon Beauchamp
0%
7 Mark Sears
0%
2 Marques Bolden
0%
8 Marshall Plumlee
0%
126 Matthew Dellavedova
0%
9 Meyers Leonard
0%
112 Miles Plumlee
0%
48 Miroslav Raduljica
0%
80 Mirza Teletovic
0%
69 Nate Wolters
0%
14 Nikola Mirotic
0%
164 O.J. Mayo
0%
26 Patrick Beverley
0%
3 Pau Gasol
0%
28 Ramon Sessions
0%
133 Rashad Vaughn
0%
5 Rodions Kurucs
0%
39 Rodney Hood
0%
30 Sam Merrill
0%
65 Sandro Mamukelashvili
0%
23 Sean Kilpatrick
0%
20 Semi Ojeleye
0%
11 Shabazz Muhammad
0%
19 Spencer Hawes
0%
22 Stanley Umude
0%
164 Sterling Brown
0%
11 Steve Novak
0%
166 Thon Maker
0%
12 Tim Frazier
0%
3 Tony Mitchell
0%
18 Torrey Craig
0%
3 Trevon Duval
0%
71 Tyler Ennis
0%
24 Tyler Zeller
0%
11 TyTy Washington Jr.
0%
6 Xavier Munford
0%
126 Zaza Pachulia
0%
No matching quizzes found
Score Distribution
Percent of People with Each Score
Percentile by Number Answered
Your Score History
You have not taken this quiz since the last reset